000 00319 a2200145 4500
001 174932
020 _a
040 _cMagnum
100 _aRodrigues, Jose Francisco
240 1 0 _aEstorias do menino espantado
_lpor
245 1 0 _aEstorias do menino espantado
362 0 _a1899
697 _aIJ/GERAL
942 _cBK
999 _c174932
_d174932